000 00525nmm a2200169Ia 4500
008 251105s9999||||xx |||||||||||||||||und||
020 _a9788418943423
041 _aspa
100 _aTaranilla de la Varga, Carlos Javier
245 0 _aEl Louvre. Guía de Arte :
_b 120 obras maestras esenciales
264 _a[Madrid, España] :
_bEdiciones Nowtilus,
_c2022
300 _a360 páginas
490 _aGrandes museos
650 _aArts in general
856 _uhttps://public.digitaliapublishing.com/a/171810
942 _cCF
999 _c80101
_d80101